000 00321nam a2200133Ia 4500
008 191201s2012 xx 000 0 und d
082 _a621.8
_bRAM
100 _aRAO, JS
245 0 _aMechanism and machine theory
250 _aRep
260 _c2012
_bNew Age International
_aNEW DELHI
300 _a605
942 _2ddc
_cBK
999 _c8024
_d8024